Prime Ministers of Finland - Statistics

General Stats
  • This quiz has been taken 17 times
  • The average score is 8 of 74
Answer Stats
Years Served Party Prime Minister % Correct
2023 - Present National Coalition Petteri Orpo
89%
2019 - 2023 Social Democratic Sanna Marin
78%
2014 - 2015 National Coalition Alexander Stubb
56%
2019 Social Democratic Antti Rinne
44%
1968 - 1970 Social Democratic Mauno Koivisto
44%
1979 - 1981 Social Democratic Mauno Koivisto
44%
1939 - 1940 National Progressive Risto Ryti
33%
1950 - 1953 Agrarian Urho Kekkonen
33%
1954 - 1956 Agrarian Urho Kekkonen
33%
2003 Centre Anneli Jäätteenmäki
22%
2015 - 2019 Centre Juha Sipilä
22%
1918 Finish Juho Kusti Paasikivi
22%
1944 - 1946 National Coalition Juho Kusti Paasikivi
22%
1922 - 1924 Agrarian Kyösti Kallio
22%
1925 - 1926 Agrarian Kyösti Kallio
22%
1929 - 1930 Agrarian Kyösti Kallio
22%
1936 - 1937 Agrarian Kyösti Kallio
22%
1964 - 1966 Agrarian Johannes Virolainen
11%
2011 - 2014 National Coalition Jyrki Katainen
11%
1972 - 1975 Social Democratic Kalevi Sorsa
11%
1977 - 1979 Social Democratic Kalevi Sorsa
11%
1982 - 1987 Social Democratic Kalevi Sorsa
11%
1948 - 1950 Social Democratic Karl-August Fagerholm
11%
1956 - 1957 Social Democratic Karl-August Fagerholm
11%
1958 - 1959 Social Democratic Karl-August Fagerholm
11%
2003 - 2010 Centre Matti Vanhanen
11%
1995 - 2003 Social Democratic Paavo Lipponen
11%
1926 - 1927 Social Democratic Väinö Tanner
11%
1962 - 1963 Agrarian Ahti Karjalainen
0%
1970 - 1971 Centre Ahti Karjalainen
0%
1922 Independent Aimo Cajander
0%
1924 Independent Aimo Cajander
0%
1937 - 1939 National Progressive Aimo Cajander
0%
1944 Independent Antti Hackzell
0%
1925 National Coalition Antti Tulenheimo
0%
1946 Independent Carl Enckell
0%
1943 - 1944 National Coalition Edwin Linkomies
0%
1961 Agrarian Eemil Luukka
0%
1981 - 1982 Centre Eino Uusitalo
0%
1991 - 1995 Centre Esko Aho
0%
1987 - 1991 National Coalition Harri Holkeri
0%
1941 - 1943 National Progressive Johan Wilhelm Rangell
0%
1927 - 1928 Agrarian Juho Sunila
0%
1931 - 1932 Agrarian Juho Sunila
0%
1919 - 1920 National Progressive Juho Vennola
0%
1921 - 1922 National Progressive Juho Vennola
0%
1931 National Progressive Juho Vennola
0%
1919 National Progressive Kaarlo Castrén
0%
1975 Independent Keijo Liinamaa
0%
1918 - 1919 National Coalition Lauri Ingman
0%
1924 - 1925 National Coalition Lauri Ingman
0%
2010 - 2011 Centre Mari Kiviniemi
0%
1961 - 1962 Agrarian Martti Miettunen
0%
1975 - 1977 Centre Martti Miettunen
0%
1946 - 1948 SKDL Mauno Pekkala
0%
1928 - 1929 National Coalition Oskari Mantere
0%
1917 - 1918 Young Finnish Pehr Evind Svinhufvud
0%
1930 - 1931 National Coalition Pehr Evind Svinhufvud
0%
1920 - 1921 National Coalition Rafael Erich
0%
1966 - 1968 Social Democratic Rafael Paasio
0%
1972 Social Democratic Rafael Paasio
0%
1957 - 1958 Independent Rainer von Fieandt
0%
1954 Swedish People's Ralf Törngren
0%
1958 Independent Reino Kuuskoski
0%
1963 - 1964 Independent Reino Ragnar Lehto
0%
1937 National Progressive Rudolf Holsti
0%
1940 - 1941 Independent Rudolf Walden
0%
1953 - 1954 Independent Sakari Tuomioja
0%
1970 Independent Teuvo Aura
0%
1971 - 1972 Independent Teuvo Aura
0%
1932 - 1936 National Progressive Toivo Mikael Kivimäki
0%
1944 National Coalition Urho Castrén
0%
1957 Agrarian V. J. Sukselainen
0%
1959 - 1961 Agrarian V. J. Sukselainen
0%
No matching quizzes found
Score Distribution
Percent of People with Each Score
Percentile by Number Answered
Your Score History
You have not taken this quiz